Prekážky zavádzania elektronického podpisu do podnikovej praxe bakalárska práca

Gespeichert in:
Bibliographische Detailangaben
1. Verfasser: Hrčková, Katarína
Körperschaft: Fakulta podnikového manažmentu EU. Katedra informačného manažmentu
Weitere Verfasser: Juriková, Benita, 1973-
Format: Buch
Sprache:Slowakisch
Veröffentlicht: Bratislava 2010
Tags: Tag hinzufügen
Keine Tags, Fügen Sie das erste Tag hinzu!

MARC

LEADER 00000nam$a2200000$$$4500
001 0129039
005 20160627120501.7
041 0 |a slo 
044 |a SK 
245 1 0 |a Prekážky zavádzania elektronického podpisu do podnikovej praxe  |b bakalárska práca  |c Katarína Hrčková ; škol. Benita Juriková 
264 1 |a Bratislava  |c 2010 
300 |a 43 s. 
100 1 |a Hrčková, Katarína 
700 1 |a Juriková, Benita, 1973- 
710 2 |a Fakulta podnikového manažmentu EU. Katedra informačného manažmentu